Statistics for De Selby (Part 1) - Hozier (All Lyrics)

Click here to take the quiz!

General Stats

  • This quiz has been taken 30 times
  • The average score is 86 of 145

Answer Stats

Answer% Correct
I
95%
í
95%
You
90%
a
85%
No
85%
of
85%
the
85%
The
85%
to
85%
To
85%
what
85%
Your
85%
all
80%
be
80%
do
80%
he
80%
is
80%
Is
80%
when
80%
would
80%
at
75%
At
75%
closer
75%
could
75%
God
75%
in
75%
last
75%
so
75%
world
75%
an
70%
And
70%
asleep
70%
done
70%
he's
70%
not
70%
why
70%
word
70%
air
65%
blackness
65%
bliss
65%
can't
65%
couldn't
65%
darkness
65%
from
65%
it
65%
knowin'
65%
only
65%
or
65%
Or
65%
start
65%
take
65%
That
65%
yourself
65%
deep
60%
likes
60%
offer
60%
rejecting
60%
sit
60%
something
60%
this
60%
with
60%
With
60%
empty
55%
Fills
55%
gone
55%
inner
55%
mirrorin'
55%
new
55%
reflection
55%
space
55%
mind
50%
someone
50%
Still
50%
unseen
50%
upheld
50%
Ach
45%
bear
45%
Le
45%
na
45%
dubh
40%
sorcha
40%
tagais
40%
ealaín
35%
hoíche
35%
'nós
35%
soranna
35%
Bhfuilis
30%
chéile
30%
Trína
30%
claochlaithe
25%
claochlú
25%
Bhfuilis
20%

Score Distribution

Percentile by Number Answered

Percent of People with Each Score

Your Score History

You have not taken this quiz